ბათუმის შოთა რუსთაველის სახელმწიფო უნივერსიტეტის ბიბლიოთეკა

Высшие трансцендентные функции. Гипергеометрическая функция. Функции Лежандра (ბიბ.ჩანაწერი № 48006)

000 -LEADER
fixed length control field 00704nam a2200193Ia 4500
001 - CONTROL NUMBER
control field 14886
003 - CONTROL NUMBER IDENTIFIER
control field GE_BSU
008 - FIXED-LENGTH DATA ELEMENTS--GENERAL INFORMATION
fixed length control field 181216s||||||||xx |||||||||||||| ||und||
040 ## - CATALOGING SOURCE
Transcribing agency GE_BSU
080 ## - UNIVERSAL DECIMAL CLASSIFICATION NUMBER
Universal Decimal Classification number 517.5(035)
100 ## - MAIN ENTRY--PERSONAL NAME
Personal name Бейтмен,Г. Эрдейи, А.
245 ## - TITLE STATEMENT
Title Высшие трансцендентные функции. Гипергеометрическая функция. Функции Лежандра
260 ## - PUBLICATION, DISTRIBUTION, ETC.
Place of publication, distribution, etc. Москва
260 ## - PUBLICATION, DISTRIBUTION, ETC.
Name of publisher, distributor, etc. Наука
260 ## - PUBLICATION, DISTRIBUTION, ETC.
Date of publication, distribution, etc. 1965
300 ## - PHYSICAL DESCRIPTION
Extent 294стр.22см.
653 ## - INDEX TERM--UNCONTROLLED
Uncontrolled term Высшие трансцендентные функции. Гипергеометрическая функция. Функции Лежандра
942 ## - ADDED ENTRY ELEMENTS (KOHA)
Koha item type წიგნი
ეგზემპლარები
Withdrawn status Lost status Damaged status Not for loan Date acquired Barcode Date last seen Price effective from Koha item type
        2018-12-17 16827 2018-12-17 2018-12-17 წიგნი